Persons in relation : (Record no. 1581)
[ view plain ]
| 000 -LEADER | |
|---|---|
| fixed length control field | 01106nam a2200325 4500 |
| 001 - CONTROL NUMBER | |
| control field | 1581 |
| 003 - CONTROL NUMBER IDENTIFIER | |
| rucl marc code | BD-RjUL |
| 005 - DATE AND TIME OF LATEST TRANSACTION | |
| control field | 20211208233349.0 |
| 008 - FIXED-LENGTH DATA ELEMENTS--GENERAL INFORMATION | |
| fixed length control field | 131208s1961 enk 001 0 eng d |
| 035 ## - SYSTEM CONTROL NUMBER | |
| System control number | (BD-RjUL)1606 |
| System control number | (OCoLC)169530 |
| 040 ## - CATALOGING SOURCE | |
| Original cataloging agency | URB |
| Modifying agency | EUX |
| Language of cataloging | eng |
| Transcribing agency | BD-RjUL |
| 041 ## - LANGUAGE CODE | |
| Language code of text/sound track or separate title | eng |
| 082 ## - DEWEY DECIMAL CLASSIFICATION NUMBER | |
| Edition number | 16 |
| Classification number | 170 |
| Author mark and year | MAP 1961 |
| 100 1# - MAIN ENTRY--PERSONAL NAME | |
| Personal name | Macmurray, John, |
| Dates associated with a name | 1891-1976 |
| 9 (RLIN) | 5219 |
| 245 10 - TITLE STATEMENT | |
| Title | Persons in relation : |
| Remainder of title | being the Gifford Lectures delivered in the University of Glasgow in 1954 / |
| Statement of responsibility, etc. | by John Macmurray. |
| 260 ## - PUBLICATION, DISTRIBUTION, ETC. (IMPRINT) | |
| Place of publication, distribution, etc. | London : |
| Name of publisher, distributor, etc. | Faber and Faber, |
| Date of publication, distribution, etc. | 1961. |
| 300 ## - PHYSICAL DESCRIPTION | |
| Pagination | 235 p. ; |
| Size | 23 cm. |
| 490 1# - SERIES STATEMENT | |
| Series statement | Gifford lectures ; |
| Volume/sequential designation | 1954 |
| Series statement | The form of the personal ; |
| Volume/sequential designation | v. 2 |
| 500 ## - GENERAL NOTE | |
| General note | "This is the second volume of Professor John Macmurray's Gifford Lectures, 1953-54 given under the title The form of the personal." -- facing t.p. |
| 526 ## - STUDY PROGRAM INFORMATION NOTE | |
| Requested Dept. | Psychology |
| 650 #0 - SUBJECT ADDED ENTRY--TOPICAL TERM | |
| Topical term or geographic name as entry element | Persons. |
| 9 (RLIN) | 5220 |
| Topical term or geographic name as entry element | Philosophy. |
| 9 (RLIN) | 5221 |
| 830 #0 - SERIES ADDED ENTRY--UNIFORM TITLE | |
| Volume number/sequential designation | 1954 |
| Volume number/sequential designation | v. 2 |
| Uniform title | Gifford lectures ; |
| Uniform title | The form of the personal ; |
| 942 ## - ADDED ENTRY ELEMENTS (KOHA) | |
| Source of classification or shelving scheme | Dewey Decimal Classification |
| Koha item type | Books |
| Lost status | Source of classification or shelving scheme | Damaged status | Not for loan | Collection code | Permanent Location | Current Location | Shelving location | Date acquired | Source of acquisition | Cost, normal purchase price | Total Checkouts | Full call number | Date last seen | Copy number | Koha item type |
|---|---|---|---|---|---|---|---|---|---|---|---|---|---|---|---|
| Dewey Decimal Classification | Not For Loan | Non-fiction | Central Library, University of Rajshahi | Central Library, University of Rajshahi | Reading Room | 13/03/1963 | zeitlinger | 26.00 | 170 MAP 1961 | 08/12/2013 | C-1 | Books |